[Event "Western Asia-ch U18 Girls"]
[Site "Delhi"]
[Date "2019.09.08"]
[Round "6"]
[White "Sanskriti, Goyal"]
[Black "Mrudul, Dehankar"]
[Result "0-1"]
[WhiteElo "2030"]
[BlackElo "2198"]
[PlyCount "150"]
[EventDate "2019.09.06"]
[EventType "swiss"]
[EventRounds "9"]
[EventCountry "IND"]
[SourceTitle "CBM 192 Extra"]
[Source "Chessbase"]
[SourceDate "2019.11.06"]
[SourceVersion "1"]
[SourceVersionDate "2019.11.06"]
[SourceQuality "1"]

1. d4 Nf6 2. c4 e6 3. Nc3 Bb4 4. e3 b6 5. Nge2 c5 6. a3 Ba5 7. Rb1 Na6 8. g3 Bb7 9. d5 b5 10. Bg2 bxc4 11. 0-0 0-0 12. e4 d6 13. Bg5 h6 14. Bxf6 Qxf6 15. dxe6 Qxe6 16. Nd5 Nc7 17. Ne3 Ba6 18. Nf4 Qe5 19. Qa4 Bd2 20. Nfd5 Bb5 21. Qc2 Nxd5 22. Nxd5 Ba5 23. Rfd1 Qe8 24. Rdc1 Rb8 25. Ne3 Ba4 26. Qe2 c3 27. bxc3 Rxb1 28. Rxb1 Bxc3 29. Qc4 Be5 30. Rb7 Bc6 31. Rxa7 Qb8 32. Ra5 Qc7 33. Ra6 Qb7 34. a4 Ra8 35. Rxa8+ Qxa8 36. Nf5 Qxa4 37. Qxa4 Bxa4 38. f4 Bd4+ 39. Kf1 Bb5+ 40. Ke1 Kf8 41. Nxd6 Bc6 42. Nf5 Bc3+ 43. Kd1 Ba4+ 44. Kc1 f6 45. Bf1 Bc6 46. Bd3 c4 47. Bb1 Bb4 48. Ne3 c3 49. Nd5 Ba5 50. f5 Bxd5 51. exd5 Ke7 52. g4 Kd6 53. Be4 Ke5 54. Bg2 Kf4 55. h3 h5 56. gxh5 Kxf5 57. Kc2 Kf4 58. d6 Ke3 59. d7 Kd4 60. Bf3 f5 61. h6 gxh6 62. Bh5 f4 63. Bg4 Bd8 64. Bh5 Bf6 65. Bg4 Ke3 66. d8Q Bxd8 67. Kxc3 f3 68. Bxf3 Kxf3 69. Kd3 h5 70. Kd2 h4 71. Ke1 Bb6 72. Kf1 Kg3 73. Ke2 Bc5 74. Kf1 Kxh3 75. Ke2 Kg3 0-1

[Event "Commonwealth-ch U18 Girls"]
[Site "New Delhi"]
[Date "2019.07.03"]
[Round "3.2"]
[White "Sanskriti, Goyal"]
[Black "Mudaliar, Nandini"]
[Result "1-0"]
[WhiteElo "1948"]
[BlackElo "1609"]
[PlyCount "67"]
[EventDate "2019.07.01"]
[EventType "swiss"]
[EventRounds "7"]
[EventCountry "IND"]
[SourceTitle "EXT 2024"]
[Source "ChessBase"]
[SourceDate "2023.10.10"]
[SourceVersion "1"]
[SourceVersionDate "2023.10.10"]
[SourceQuality "1"]

1. d4 d5 2. c4 c6 3. Nf3 Nf6 4. Nc3 e6 5. e3 Nbd7 6. Bd3 dxc4 7. Bxc4 b5 8. Bd3 a6 9. e4 c5 10. e5 cxd4 11. Nxb5 axb5 12. exf6 Nxf6 13. Bxb5+ Bd7 14. Bxd7+ Qxd7 15. Qxd4 Qb5 16. a4 Qa6 17. Bd2 Be7 18. b4 Rc8 19. Qe5 Bd6 20. Qe2 Qxe2+ 21. Kxe2 Ne4 22. Rhb1 Nxd2 23. Nxd2 Be5 24. Ra2 0-0 25. b5 Bc3 26. a5 Ra8 27. a6 Bxd2 28. Kxd2 Rfd8+ 29. Ke2 Rdb8 30. b6 Kf8 31. b7 Ra7 32. Rc2 Ke7 33. Rc8 Rxc8 34. bxc8Q 1-0

[Event "Bhubaneswar op 12th"]
[Site "Bhubaneswar"]
[Date "2019.06.01"]
[Round "2"]
[White "Burmakin, Vladimir"]
[Black "Sanskriti, Goyal"]
[Result "1-0"]
[WhiteElo "2519"]
[BlackElo "1975"]
[PlyCount "147"]
[EventDate "2019.05.31"]
[EventType "swiss"]
[EventRounds "10"]
[EventCountry "IND"]
[SourceTitle "CBM 190 Extra"]
[Source "ChessBase"]
[SourceDate "2019.07.15"]
[SourceVersion "1"]
[SourceVersionDate "2019.07.15"]
[SourceQuality "1"]

1. Nf3 Nf6 2. g3 b6 3. Bg2 Bb7 4. 0-0 e6 5. c4 c5 6. Nc3 Be7 7. d4 cxd4 8. Qxd4 d6 9. Rd1 a6 10. Bg5 Nbd7 11. Rac1 h6 12. Be3 0-0 13. Qd2 Rc8 14. b3 Nc5 15. Bd4 Qc7 16. Qb2 Qb8 17. Nb1 b5 18. Nbd2 Rfd8 19. Bc3 Nce4 20. Ba5 Rf8 21. Nxe4 Nxe4 22. Nd4 Bf6 23. Qb1 Nc5 24. Bxb7 Qxb7 25. Nf3 Ne4 26. Qd3 bxc4 27. bxc4 Qc6 28. Nd4 Qa4 29. Be1 d5 30. f3 Nc5 31. Qc2 Qxc2 32. Rxc2 dxc4 33. Rxc4 Rfd8 34. Ba5 Rd7 35. Bb6 e5 36. Rxc5 Rxc5 37. Bxc5 exd4 38. Kf1 Rd5 39. Bb6 Rd6 40. Ba5 Rc6 41. Rd3 Rc1+ 42. Kf2 Rc2 43. Rd2 Rc4 44. f4 g5 45. Kf3 gxf4 46. gxf4 Kg7 47. Bb6 Kg6 48. Ke4 d3+ 49. Kxd3 Rxf4 50. e3 Ra4 51. Bd4 Bxd4 52. exd4 f5 53. d5 Kf6 54. Re2 Rb4 55. Re6+ Kg5 56. d6 Rb1 57. Kc4 Rd1 58. Kc5 f4 59. Re8 f3 60. Rf8 Kg4 61. Kc6 Rc1+ 62. Kb7 Rd1 63. Kc7 Rc1+ 64. Kd8 Rc2 65. d7 f2 66. Ke7 Re2+ 67. Kd6 Rd2+ 68. Kc6 Rc2+ 69. Kb6 Rd2 70. Rxf2 Rxd7 71. Kxa6 Rd1 72. Rb2 h5 73. a4 h4 74. a5 1-0

[Event "IND-ch U17 Girls"]
[Site "Haryana"]
[Date "2018.09.06"]
[Round "4"]
[White "Sanskriti, Goyal"]
[Black "Harshini, A."]
[Result "0-1"]
[WhiteElo "1965"]
[BlackElo "2160"]
[PlyCount "102"]
[EventDate "2018.09.03"]
[EventType "swiss"]
[EventRounds "11"]
[EventCountry "IND"]
[SourceTitle "CBM 186 Extra"]
[Source "ChessBase"]
[SourceDate "2018.08.24"]
[SourceVersion "1"]
[SourceVersionDate "2018.08.24"]
[SourceQuality "1"]

1. d4 Nf6 2. c4 e6 3. Nc3 Bb4 4. e3 d5 5. Nge2 0-0 6. a3 Be7 7. Ng3 b6 8. cxd5 exd5 9. b4 c5 10. bxc5 bxc5 11. dxc5 Bxc5 12. Be2 Be6 13. 0-0 Nc6 14. Bb2 Rb8 15. Qc2 Na5 16. Rfd1 Qe7 17. Na4 Bd6 18. Nf5 Bxf5 19. Qxf5 Qe6 20. Bd3 Qxf5 21. Bxf5 Be7 22. Be5 Rb7 23. Nc3 Nc4 24. Bd4 g6 25. Bd3 Rc8 26. Ra2 Rd7 27. h3 Ne8 28. a4 Bf6 29. Nb5 a6 30. Bxf6 Nxf6 31. Nd4 Rb8 32. Rc1 Rc7 33. f3 Rb4 34. Kf2 a5 35. Nb5 Re7 36. Bxc4 dxc4 37. Nd6 Rc7 38. Rac2 Rxa4 39. Rxc4 Ra2+ 40. Kg3 Rd7 41. Rd4 Re7 42. Rc3 Re2 43. Rc8+ Kg7 44. Nc4 Ra7 45. f4 a4 46. Kf3 Rc2 47. Nb6 Rxc8 48. Nxc8 Ra6 49. e4 a3 50. Rd1 a2 51. Ra1 Ra3+ 0-1

[Event "Commonwealth-ch U16 Girls"]
[Site "New Delhi"]
[Date "2018.07.03"]
[Round "7"]
[White "Divya, Deshmukh"]
[Black "Sanskriti, Goyal"]
[Result "1-0"]
[WhiteElo "2139"]
[BlackElo "1898"]
[PlyCount "125"]
[EventDate "2018.06.26"]
[EventType "swiss"]
[EventRounds "7"]
[EventCountry "IND"]
[SourceTitle "EXT 2019"]
[Source "ChessBase"]
[SourceDate "2018.10.10"]
[SourceVersion "1"]
[SourceVersionDate "2018.10.10"]
[SourceQuality "1"]

1. e4 e6 2. Nc3 d5 3. Nf3 Nf6 4. e5 Nfd7 5. d4 c5 6. dxc5 Nc6 7. Bf4 Bxc5 8. Bd3 a6 9. 0-0 h6 10. Qd2 Ba7 11. Rfe1 Nc5 12. Bf1 b5 13. a3 Bb7 14. Rad1 Rc8 15. h3 Ne7 16. Be3 Nf5 17. Bxc5 Bxc5 18. Bd3 Nh4 19. Qf4 Nxf3+ 20. Qxf3 0-0 21. Ne2 Qc7 22. Qg3 f6 23. Nf4 Qf7 24. Bg6 Qe7 25. Nd3 fxe5 26. Nxc5 Rxc5 27. Rxe5 Qf6 28. Rde1 Bc8 29. Bd3 Bd7 30. R1e2 Rf7 31. c3 Qf4 32. Qg6 Qc1+ 33. Kh2 Qf4+ 34. g3 Qf6 35. Qh7+ Kf8 36. Bg6 Rc8 37. Bxf7 Kxf7 38. Qd3 Kg8 39. Qe3 Qd8 40. Qa7 a5 41. Qd4 a4 42. Qe3 Qf6 43. f4 g6 44. Qd3 Kg7 45. Qd4 Rc4 46. Qa7 Qf7 47. Qa6 Rc6 48. Qa5 Rc8 49. Qb6 Re8 50. Qd6 Kh7 51. Qb6 Kg7 52. R5e3 Qf5 53. Re5 Qf7 54. Qd6 Kh7 55. R5e3 Kg8 56. Qe5 Rc8 57. Qd4 Rc4 58. Qb6 Rc6 59. Qxb5 Rxc3 60. Qb8+ Rc8 61. Qe5 Bb5 62. Rd2 Rc6 63. Qb8+ 1-0

[Event "IND-ch U19 Girls"]
[Site "Kankarbagh"]
[Date "2017.09.08"]
[Round "8"]
[White "Priyamvada, Karamcheti"]
[Black "Sanskriti, Goyal"]
[Result "0-1"]
[WhiteElo "1881"]
[BlackElo "1869"]
[PlyCount "80"]
[EventDate "2017.09.03"]
[EventType "swiss"]
[EventRounds "11"]
[EventCountry "IND"]
[SourceTitle "CBM 180 Extra"]
[Source "ChessBase"]
[SourceDate "2017.10.06"]
[SourceVersion "1"]
[SourceVersionDate "2017.10.06"]
[SourceQuality "1"]

1. d4 Nf6 2. c4 c5 3. d5 e6 4. Nc3 exd5 5. cxd5 d6 6. Bf4 a6 7. a4 g6 8. Nf3 Bg7 9. e4 0-0 10. Nd2 Ne8 11. Be2 f5 12. exf5 Bxf5 13. 0-0 Nd7 14. Nc4 Nb6 15. Ne3 Bc2 16. Qxc2 Rxf4 17. a5 Nd7 18. Bg4 Ne5 19. Be6+ Kh8 20. Ne2 Rf8 21. f4 Nd7 22. Nc4 b5 23. Nd2 Nc7 24. Ne4 Qe7 25. Ng5 Nf6 26. Ra3 Nfxd5 27. Bxd5 Nxd5 28. Rh3 Nxf4 29. Rxh7+ Kg8 30. Rxg7+ Kxg7 31. Nxf4 Rxf4 32. Rxf4 Qxg5 33. Qf2 Qd5 34. h3 Re8 35. Rf3 Re7 36. Re3 Rxe3 37. Qxe3 Qd4 38. Qxd4+ cxd4 39. Kf2 Kf6 40. Ke2 Ke5 0-1

[Event "IND-ch Challengers (Women) 44th"]
[Site "Mysore"]
[Date "2017.07.28"]
[Round "10"]
[White "Sanskriti, Goyal"]
[Black "Nandhidhaa, PV."]
[Result "0-1"]
[WhiteElo "1805"]
[BlackElo "2221"]
[PlyCount "132"]
[EventDate "2017.07.21"]
[EventType "swiss"]
[EventRounds "11"]
[EventCountry "IND"]
[SourceTitle "EXT 2019"]
[Source "ChessBase"]
[SourceDate "2018.10.10"]
[SourceVersion "1"]
[SourceVersionDate "2018.10.10"]
[SourceQuality "1"]

1. d4 Nf6 2. c4 g6 3. Nc3 d5 4. Nf3 Bg7 5. Qb3 c6 6. cxd5 cxd5 7. Bg5 Nc6 8. e3 0-0 9. Bxf6 exf6 10. Qxd5 Qe7 11. Qc5 Qxc5 12. dxc5 f5 13. Bc4 Na5 14. Be2 Be6 15. Rc1 Rac8 16. Nd4 Bd7 17. 0-0 Nc6 18. Rfd1 Rfd8 19. Ndb5 Be6 20. Nd6 Rb8 21. Bf3 Ne5 22. Bd5 b6 23. b4 bxc5 24. bxc5 Bf8 25. Bxe6 fxe6 26. Ncb5 Nc6 27. Nc7 e5 28. Ne6 Rd7 29. Nxf8 Kxf8 30. Rb1 Rbd8 31. g3 e4 32. g4 fxg4 33. Rdc1 Re7 34. Kg2 h5 35. Rc4 Re5 36. Nxe4 Rd7 37. Nd6 Ke7 38. Rbc1 Ke6 39. Kg3 Ne7 40. Re4 Rxe4 41. Nxe4 Ke5 42. Nd6 Kd5 43. Kf4 Rd8 44. e4+ Kc6 45. Ke5 Rf8 46. Ke6 Ng8 47. Rc2 Rf6+ 48. Ke5 Rf3 49. Nc4 Nf6 50. Na5+ Kc7 51. c6 h4 52. Nb3 Ne8 53. Nd4 Rh3 54. Ne6+ Kb6 55. c7 Nxc7 56. Nxc7 Rxh2 57. Nd5+ Kb7 58. Ne3 g3 59. Kf4 g2 60. Nxg2 Rxg2 61. Kf3 h3 62. Rc1 g5 63. Rh1 g4+ 64. Ke2 Kc6 65. Kf1 Kd6 66. f3 Rxa2 0-1

[Event "Asia-ch U20 Girls"]
[Site "New Delhi"]
[Date "2016.05.04"]
[Round "1"]
[White "Sanskriti, Goyal"]
[Black "Bala, Kannamma P"]
[Result "0-1"]
[WhiteElo "1688"]
[BlackElo "2040"]
[PlyCount "40"]
[EventDate "2016.05.04"]
[EventType "swiss"]
[EventRounds "9"]
[EventCountry "IND"]
[SourceTitle "CBM 172 Extra"]
[Source "ChessBase"]
[SourceDate "2016.06.21"]
[SourceVersion "1"]
[SourceVersionDate "2016.06.21"]
[SourceQuality "1"]

1. d4 Nf6 2. c4 e6 3. Nc3 Bb4 4. e3 0-0 5. Nge2 d5 6. a3 Be7 7. Ng3 c5 8. dxc5 Bxc5 9. cxd5 exd5 10. Bd3 Nc6 11. 0-0 Be6 12. Nce2 Bd6 13. Bc2 Ne4 14. Rb1 Qh4 15. Bd2 Ne5 16. Bxe4 dxe4 17. Be1 Rfd8 18. Qc2 Bc4 19. Nf5 Nf3+ 20. gxf3 Qxh2# 0-1

[Event "IND-ch U19 Girls"]
[Site "Dindigul"]
[Date "2015.07.29"]
[Round "9"]
[White "Sanskriti, Goyal"]
[Black "Madhurima, Shekhar"]
[Result "0-1"]
[WhiteElo "1768"]
[BlackElo "1999"]
[PlyCount "60"]
[EventDate "2015.07.23"]
[EventType "swiss"]
[EventRounds "11"]
[EventCountry "IND"]
[SourceTitle "EXT 2016"]
[Source "ChessBase"]
[SourceDate "2015.10.08"]
[SourceVersion "1"]
[SourceVersionDate "2015.10.08"]
[SourceQuality "1"]

1. d4 d5 2. c4 c6 3. Nf3 Nf6 4. e3 Bg4 5. h3 Bh5 6. Nc3 e6 7. Be2 Nbd7 8. cxd5 exd5 9. 0-0 Bd6 10. Ne1 Bg6 11. Bd3 Qe7 12. Qc2 0-0 13. b3 Rfe8 14. Bb2 Bc7 15. Nb5 Bb8 16. Ba3 Qe6 17. Nc3 a6 18. Bxg6 hxg6 19. Nf3 Ne4 20. Nd2 g5 21. Ncxe4 dxe4 22. f3 Nf6 23. Nc4 Bc7 24. Rad1 Nd5 25. fxe4 Qxe4 26. Qxe4 Rxe4 27. Bd6 b5 28. Bxc7 bxc4 29. Be5 f6 30. bxc4 Nxe3 0-1